000 00995cam a2200241 4500
001 J550
008 090401t1992 xxu||||| |||| 00| 0 eng d
035 _a(Sirsi) u75500
041 _aeng
050 _a346.41032
110 _aNational Joint Consultative Committee
_9997
245 _aCollateral warranties.
260 _aLondon
_bRIBA Publications Ltd.
_c1992
300 _a8p. ; 30cm.
350 _a6
490 _aGuidance Note
_v6
520 _aGuidance note issued as a result of concern in the building industry over the increased demand for collateral warranties. NJCC recommends a limited use in certain circumstances but that the terms should never require liability to exceed the liability to the original principal under the primary contract.
650 _aBUILT ENVIRONMENT-BUILDING CONTRACT FORMS
690 _aBUILT ENVIRONMENT-BUILDING CONTRACT FORMS
710 _aJoint Consultative Committee for Building Northern Ireland
_91871
942 _n0
948 _c04/03/1997
999 _c96027
_d96027